000 01114cam a2200217 4500
001 WB3816-04
008 020430n2002 000 0 eng u
035 _a(Sirsi) u117757
245 _aWay ahead for tall buildings
260 _c2002
490 _aCorporation of London News Release
_v16 April 2002, (1)
520 _aA new report commissioned by the Corporation of London argues that well-designed tall buildings can be more sustainable than other buildings. "Tall buildings, sustainability and the city" looks at materials, building design, energy efficiency and construction techniques to discover how best practice can improve environmental sustainability. Report available from http://www.cityoflondon.gov.uk/business_city/research_statistics/reports/29.htm. http://www.cityoflondon.gov.uk/media_centre/files/67_02.htm
590 _aWB
650 _aTALL BUILDINGS
650 _aSustainability
_96271
650 _aCORPORATION OF LONDON
650 _aENERGY EFFICIENCY
650 _aBUILT ENVIRONMENT-CONSTRUCTION DESIGN
690 _aBUILT ENVIRONMENT-SUSTAINABLE CONSTRUCTION
942 _n0
999 _c70116
_d70116